000 01472nam0a22002771 4500
001 rc\4639412
005 20250612140240.0
021 _aRU
_b[68-90182]
035 _a(NLR Aleph) 008684436
090 _a9199400
_c9199400
100 _a20130416d1968 |||y0rusy50 ca
101 0 _arus
102 _aRU
105 _aa z |||||
200 1 _aНаучная организация труда и управления производством на речном транспорте
_eМатериалы к Всесоюз. семинару-совещанию на тему "О новой системе планирования и экон. стимулирования на транспорте". 12-66 ноября 1968 г. Ленинград
_fВсесоюз. о-во "Знание". Науч.-метод. совет по пропаганде науч.-техн. знаний по вопросам транспорта и связи
210 _aМосква
_cЗнание
_d1968
215 _a41 с.
_cчерт.
_d27
300 _aПеред загл. авт.: С.С. Слуцкий, канд. экон. наук
606 _aРечной транспорт
_xОрганизация труда
_2psbo
606 _aРечной транспорт
_xУправление
_2psbo
700 1 _aСлуцкий
_bС.С.
_gСамуил Соломонович
801 0 _aRU
_bNLR
_gpsbo
801 1 _aRU
_bELAR
_2rusmarc
852 _aNLR
_j68-8/1562
942 _cBOOK
980 _aNB